| 000 | 00513nam a2200181 4500 | ||
|---|---|---|---|
| 003 | OSt | ||
| 008 | 241005b |||||||| |||| 00| 0 eng d | ||
| 020 | _a9789394753846 | ||
| 041 | _amal | ||
| 082 |
_a915.4 _bJAL/UP |
||
| 100 |
_aJaleel, K.T _95370 |
||
| 245 |
_aUppupadathe chandrodayam / _bഉപ്പുപാടത്തെ ചന്ദ്രോദയം |
||
| 250 | _a1st ed. | ||
| 260 |
_aThiruvananthapuram : _bChintha Publishers, _c2023. |
||
| 300 | _a152p. | ||
| 650 |
_aTravelogue _94788 |
||
| 942 | _cBK | ||
| 999 |
_c18133 _d18133 |
||